| 000 | 01661nam a2200385 a 4500 | ||
|---|---|---|---|
| 001 | ebr10738808 | ||
| 003 | CaPaEBR | ||
| 006 | m o u | ||
| 007 | cr cn||||||||| | ||
| 008 | 030609s2003 wau s s001 0 eng d | ||
| 010 | _z 2003055243 | ||
| 020 | _z0295983655 (paper : alk. paper) | ||
| 020 | _z9780295983653 | ||
| 020 | _z9780295802442 (e-book) | ||
| 040 |
_aCaPaEBR _cCaPaEBR |
||
| 035 | _a(OCoLC)854585608 | ||
| 041 | 0 |
_aeng _achi |
|
| 050 | 1 | 4 |
_aPL2653 _b.A25 2003eb |
| 082 | 0 | 4 |
_a495.1/86421 _221 |
| 245 | 0 | 0 |
_aAdvanced reader of contemporary Chinese short stories _h[electronic resource] : _breflections on humanity / _ccompiled by Ying Wang and Carrie E. Reed = [Zhongguo dang dai duan pian xiao shuo gao ji du ben : ren xing de si kao / Wang Ying, Wu Kairu xian bian]. |
| 246 | 3 | 1 | _aZhongguo dang dai duan pian xiao shuo gao ji du ben |
| 260 |
_aSeattle, Wash. : _bUniversity of Washington Press, _cc2003. |
||
| 300 | _ax, 287 p. | ||
| 500 | _aParallel title in Chinese characters. | ||
| 500 | _aIncludes index. | ||
| 533 |
_aElectronic reproduction. _bPalo Alto, Calif. : _cebrary, _d2013. _nAvailable via World Wide Web. _nAccess may be limited to ebrary affiliated libraries. |
||
| 650 | 0 | _aShort stories, Chinese. | |
| 650 | 0 |
_aChinese language _vTextbooks for foreign speakers _xEnglish. |
|
| 650 | 0 |
_aChinese language _vReaders. |
|
| 655 | 7 |
_aElectronic books. _2local |
|
| 700 | 1 | _aWang, Ying. | |
| 700 | 1 |
_aReed, Carrie E. _q(Carrie Elizabeth), _d1960- |
|
| 710 | 2 | _aebrary, Inc. | |
| 856 | 4 | 0 |
_uhttp://site.ebrary.com/lib/rucke/Doc?id=10738808 _zAn electronic book accessible through the World Wide Web; click to view |
| 999 |
_c36394 _d36394 |
||